Movies Quiz

Random Movies or Oscar Quiz

'C' Oscar Nominated Actors Quiz Stats

 Plays Quiz not verified by Sporcle

Challenge
Share
Tweet
Embed
Score 0/59 Timer 15:00
0 Plays Today
% Correct
Chris Cooper
92.9%
Cate Blanchett
90%
Cicely Tyson
86%
Clark Gable
82.9%
Claudette Colbert
81.4%
Catherine Zeta-Jones
81.4%
Cher
80%
Charles Chaplin
78.6%
Christoph Waltz
78.6%
Charles Laughton
77.1%
Catherine Deneuve
75.7%
Charlton Heston
75.7%
Christopher Plummer
75.7%
Colin Firth
74.3%
Clint Eastwood
74.3%
Christian Bale
74.3%
Carol Channing
74.3%
Charlize Theron
72.9%
Cloris Leachman
72.9%
Candy Clark
72.9%
Candice Bergen
71.4%
Charles Coburn
71.4%
Cathy Moriarty
70%
Claire Trevor
70%
Carole Lombard
70%
Cliff Robertson
70%
Claude Rains
70%
Christopher Walken
70%
Cary Grant
68.6%
Celia Johnson
68.6%
% Correct
Celeste Holm
68.6%
Carey Mulligan
67.1%
Carol Kane
65.7%
Clifton Webb
65.7%
Charles Durning
65.7%
Carrie Snodgress
64.3%
Chester Morris
64.3%
Chloe Sevigny
64.3%
Charlotte Rampling
62.9%
Catherine Keener
61.4%
Casey Affleck
60%
Catalina Sandino Moreno
60%
Cara Williams
60%
Chazz Palminteri
60%
Catherine Burns
55.7%
Chris Sarandon
55.7%
Chiwetel Ejiofor
54.4%
Charles Boyer
54.3%
Cuba Gooding Jr.
54.3%
Clive Owen
54.3%
Carroll Baker
52.9%
Corinne Griffith
47.1%
Cornel Wilde
47.1%
Chill Wills
47.1%
Christine Lahti
45.7%
Carolyn Jones
41.4%
Colette Marchand
38.6%
Charles Bickford
34.3%
Cecil Kellaway
34.3%

You're not logged in!

Compare scores with friends on all Sporcle quizzes.
OR
Log In

You Might Also Like...

Show Comments

Extras

Created May 8, 2017ReportNominate
Tags:Oscar Quiz, Oscar Nominated

Top Quizzes Today


Score Distribution

Your Account Isn't Verified!

In order to create a playlist on Sporcle, you need to verify the email address you used during registration. Go to your Sporcle Settings to finish the process.

Report this User

Report this user for behavior that violates our Community Guidelines.

Details: